Statistics for Top 50 poorest countries

Click here to take the quiz!

General Stats

  • This quiz has been taken 3,877 times
  • The average score is 31 of 50

Answer Stats

Hint(PPP)Answer% Correct
5956 USDNiger
83%
272,176 USDChad
79%
3784 USDD.R Congo
77%
252,028 USDMali
77%
221,854 USDSouth Sudan
77%
2727 USDBurundi
74%
1619 USDCAR
74%
151,629 USDEthiopia
74%
81,209 USDGuinea
74%
101,456 USDGuinea-Bissau
74%
191,762 USDRwanda
73%
383,089 USDKenya
71%
111,460 USDTogo
71%
211,851 USDUganda
71%
91,411 USDEritrea
70%
71,192 USDMozambique
70%
201,787 USDZimbabwe
70%
61,184 USDMalawi
69%
262,057 USDBenin
68%
4835 USDLiberia
68%
302,421 USDSenegal
68%
322,673 USDTanzania
68%
473,836 USDZambia
68%
161,680 USDGambia
67%
362,950 USDLesotho
67%
141,569 USDSierra Leone
66%
483,891 USDMauritania
65%
181,757 USDHaiti
64%
393,115 USDCameroon
63%
443,491 USDDjibouti
63%
231,925 USDAfghanistan
62%
121,465 USDMadagascar
62%
171,696 USDBurkina Faso
61%
332,821 USDYemen
60%
463,514 USDIvory Coast
58%
131,483 USDComoros
55%
312,462 USDNepal
52%
413,340 USDBangladesh
51%
403,219 USDSao Tome
50%
433,490 USDCambodia
45%
503,926 USDTuvalu
45%
241,995 USDKiribati
43%
292,283 USDEast Timor
42%
352,869 USDPapua
42%
282,201 USDSolomon Is.
41%
372,988 USDVanuatu
41%
493,911 USDMarshall Is.
40%
453,497 USDMicronesia
38%
342,834 USDTajikistan
38%
423,434 USDKyrgyzstan
29%

Score Distribution

Percentile by Number Answered

Percent of People with Each Score

Your Score History

You have not taken this quiz